| 000 | 00766nam a22002890a 4500 | ||
|---|---|---|---|
| 001 | PT198 | ||
| 003 | AR-LpoUNG | ||
| 005 | 20210131230334.0 | ||
| 008 | 191001s1995||||mx |||||||||||||||||spa d | ||
| 020 |
_a9682317495 _c$20 |
||
| 040 |
_aAR-LpoUNG _bspa _cAR-LpoUNG _eaacr |
||
| 041 | _aspa | ||
| 044 | _amx | ||
| 082 | 0 | _aR410.3 843dic | |
| 100 | 1 | _aDucrot, Oswald | |
| 245 | 1 | 0 | _aDiccionario enciclopédico de las ciencias del lenguaje |
| 250 | _a2da. ed. | ||
| 260 |
_aMéxico, D. F. : _bSiglo Veintiuno, _c1995. |
||
| 300 |
_a421 p. : _btbls. |
||
| 650 | 4 | _aLINGÜISTICA | |
| 650 | 4 | _aMATERIAL DE REFERENCIA | |
| 650 | 4 | _aSEMIOTICA | |
| 651 | 4 | _aDOCUMENTOS TEORICOS O METODOLOGICOS | |
| 700 | 1 | _aTodorov, Tzvetan | |
| 905 | _a198 | ||
| 942 | _cLSALA | ||
| 999 |
_c2892 _d2892 |
||